[Event "EU-ch U14 Girls"]
[Site "Bratislava"]
[Date "2019.08.06"]
[Round "5"]
[White "Kralj, Nika"]
[Black "Croisille, Shanti"]
[Result "1-0"]
[WhiteElo "1851"]
[BlackElo "1695"]
[PlyCount "107"]
[EventDate "2019.08.02"]
[EventType "swiss"]
[EventRounds "9"]
[EventCountry "SVK"]
[SourceTitle "EXT 2020"]
[Source "ChessBase"]
[SourceDate "2019.10.17"]
[SourceVersion "1"]
[SourceVersionDate "2019.10.17"]
[SourceQuality "1"]

1. e4 c5 2. Nf3 d6 3. d4 cxd4 4. Nxd4 Nf6 5. Nc3 g6 6. Be3 Bg7 7. f3 0-0 8. Qd2 Nc6 9. g4 Nxd4 10. Bxd4 Be6 11. h4 Qa5 12. a3 Rfc8 13. g5 Nh5 14. Bxg7 Kxg7 15. 0-0-0 Rab8 16. Bh3 Bxh3 17. Rxh3 b5 18. f4 b4 19. Nd5 Qa4 20. Nxe7 Rc5 21. Qd4+ f6 22. Rd2 Qa6 23. Rd1 b3 24. gxf6+ Nxf6 25. Nd5 Rxd5 26. exd5 bxc2 27. Kxc2 Qe2+ 28. Kb1 Rb7 29. Rhh1 Qe4+ 30. Ka1 Qc2 31. Rd2 Qf5 32. Re1 Kf7 33. Re6 Nxd5 34. Rxd6 Nb6 35. Qe5 Qxe5 36. fxe5 Ke7 37. Rc6 Nd7 38. Re2 Ke8 39. e6 Nf6 40. e7 Rxe7 41. Rxe7+ Kxe7 42. Rc7+ Kd6 43. Rxa7 Ke5 44. b4 Kf4 45. b5 Kg4 46. Ra4+ Kh5 47. b6 Nd7 48. b7 h6 49. Rb4 g5 50. hxg5 hxg5 51. Rd4 Nb8 52. Rd8 Na6 53. b8Q Nxb8 54. Rxb8 1-0